Normal view
MARC view
Entry Personal Name
001 - CONTROL NUMBER
- control field: 14597
003 - CONTROL NUMBER IDENTIFIER
- control field: BD-RjUL
005 - DATE AND TIME OF LATEST TRANSACTION
- control field: 20241207113054.0
008 - FIXED-LENGTH DATA ELEMENTS
- fixed length control field: 241207|| aca||aabn | a|a d
040 ## - CATALOGING SOURCE
- Original cataloging agency: BD-RjUL
- Transcribing agency: BD-RjUL
100 ## - HEADING--PERSONAL NAME
- Personal name: Pal, Bipin Chandra,
- Dates associated with a name: 1858-1932
670 ## - SOURCE DATA FOUND
- Source citation: Work cat.: (BD-RjUL)84469: Studies in the Bengal renaissance /, 1977.